El desarrollo humano
Saved in:
| 主要作者: | |
|---|---|
| 格式: | 圖書 |
| 語言: | 西班牙语 |
| 出版: |
Ciudad de México
Siglo Veintiuno
1998
|
| 版: | 8a. ed |
| 叢編: | Colección Psicología
|
| 主題: | |
| 標簽: |
添加標簽
沒有標簽, 成為第一個標記此記錄!
|
MARC
| LEADER | 00000nam a2200000 a 4500 | ||
|---|---|---|---|
| 001 | UCO3910 | ||
| 003 | CL-VaPUC | ||
| 008 | 000728e19980000MX |||||||||||||||||spa|d | ||
| 082 | 0 | 4 | |a 155 |b DEL |2 21 |
| 100 | 0 | |a Delval, Juan |e author |9 447945 | |
| 245 | 1 | 3 | |a El desarrollo humano |
| 250 | |a 8a. ed | ||
| 300 | |a 626 p | ||
| 942 | |c BK | ||
| 945 | |d 20000728 00:00:00 |a rbrito | ||
| 260 | |a Ciudad de México |b Siglo Veintiuno |c 1998 | ||
| 650 | 0 | |a Psicología del desarrollo |9 307541 | |
| 650 | 0 | |a Psicoanálisis |9 265702 | |
| 650 | 0 | |a Psicología cognitiva |9 306250 | |
| 650 | 0 | |a Psicología evolutiva |9 271069 | |
| 583 | |a last modification |c 20000728 00:00:00 |k Rodrigo Vera | ||
| 490 | 0 | |a Colección Psicología | |
| 999 | |c 290026 |d 290024 | ||
| 952 | |0 0 |1 0 |4 0 |6 155_000000000000000_DEL_1998 |7 0 |8 A |9 339138 |a BIBEDU |b BIBEDU |d 2019-11-20 |i 3630730 |o 155 DEL 1998 |p 3630730 |r 2019-11-20 |w 2019-11-20 |y BK |k PSI | ||